| 000 | 00468nam a22001697a 4500 | ||
|---|---|---|---|
| 999 |
_c27217 _d27217 |
||
| 003 | BDDh-ASL | ||
| 005 | 20231015030735.0 | ||
| 008 | 211028n ii ||||| |||| 00| 0 u d | ||
| 040 |
_aBDDh-ASL _cBDDh-ASL |
||
| 082 |
_a297.3 _bWAS |
||
| 100 | 1 |
_95469 _aWahid, Mohamad Abdul |
|
| 245 | 1 | 0 | _aShwariq Makkiya : / شوارق مکيہ |
| 260 |
_aKolkata : _bBarkati Press , |
||
| 300 |
_a136 p. : _c23 cm. |
||
| 650 | 0 |
_95142 _a Islamic Discourse |
|
| 942 |
_2ddc _cBK |
||